States of Brazil - One Minute Sprint - Statistics

General Stats
  • This quiz has been taken 96 times
  • The average score is 18 of 27
Answers on the Map
Answers color-coded by a green-red scale on the quiz's map according to % correct below.
 
Answer Stats
State % Correct
Rio de Janeiro
100%
Bahia
90%
Minas Gerais
90%
Pará
90%
São Paulo
90%
Acre
85%
Amazonas
80%
Mato Grosso
75%
Alagoas
70%
Rio Grande do Sul
70%
Tocantins
70%
Amapá
65%
Roraima
65%
Goiás
60%
Paraíba
60%
Paraná
60%
Rio Grande do Norte
60%
Rondônia
60%
Sergipe
60%
Ceará
55%
Espírito Santo
55%
Maranhão
55%
Mato Grosso do Sul
55%
Pernambuco
55%
Piauí
55%
Santa Catarina
50%
Distrito Federal
30%
No matching quizzes found
Score Distribution
Percent of People with Each Score
Percentile by Number Answered
Your Score History
You have not taken this quiz